000 00964nam a2200241Ia 4500
999 _c36387
_d36387
001 2301
003 GE_BSU
005 20250815121554.0
008 181216s2011||||ge |||||||||||||| ||geo||
020 _a9789941035258
040 _cGE_BSU
041 _ageo
080 _a616.31 დ-43
100 _aდიასამიძე, გურანდა
_91689
245 _cგურანდა დიასამიძე ; რედ. გურამ ბექაია.
_aმიკროცირკულაციის ცვლილებები პირის ღრუს ქსოვილებში /
264 _aთბილისი :
_bბიომედი,
_c2011.
300 _a142 გვ.;
_b23 სმ.
653 _aმედიცინა
653 _aპირის ღრუს დაავადებები
700 _aბექაია, გურამ
_91690
773 _tნაჩუქარი
942 _cBK
_2udc